| 000 | 00407nam a2200169Ia 4500 | ||
|---|---|---|---|
| 005 | 20240628023028.0 | ||
| 008 | 240331s9999 xx 000 0 und d | ||
| 020 | _a0415071046 | ||
| 082 |
_a128.2 _bMAC |
||
| 100 | _aMacdonald, C | ||
| 245 | 0 | _aMind body identity theories | |
| 260 |
_a London _bRoutledge _c1989 |
||
| 300 | _axiii, 255 p ., | ||
| 650 | _aphilosophy | ||
| 650 | _aMind and body | ||
| 942 | _cL | ||
| 999 |
_c715 _d715 |
||